|
วิทยาลัยพยาบาลบรมราชชนนี ยะลา |
|
แสดงรายละเอียดบรรณานุกรม |
|
|
Brief Record
: Get Marc (ISO 2709)
: E-mail record
: |
|
|
|
| LEADER 00000nam 2200000uu 4500 | |||
| 001 3845 | |||
| 003 ULIBM | |||
| 008 260420s2567||||th 000 0 tha d | |||
| 020 ^a9786164263321 | |||
| 050 4 ^aJA76 ^bป467ก | |||
| 100 0 ^aปรีชา เรืองจันทร์ | |||
| 245 10 ^aการเมือง เศรษฐกิจ และสังคม =Politics Economy and Society/^cปรีชา เรืองจันทร์ | |||
| 250 ^aพิมพ์ครั้งที่ 5 | |||
| 260 ^aพิษณุโลก:^bสำนักพิมพ์มหาวิทยาลัยนเรศวร,^c2567. | |||
| 300 ^a280 หน้า :^bภาพประกอบ;^c26 ซม. | |||
| 650 7 ^aการเมือง | |||
| 650 7 ^aสังคม | |||
| 650 7 ^aเศรษฐกิจ | |||
| 999 ^aอีมาน | |||
| คุณยังไม่ได้ล็อกอิน คุณสามารถมีกิจกรรมร่วมกับเว็บไซต์ได้ แต่ต้องล็อกอินก่อน :: |
|
| สถานะ | |||||||||
| 1. | หนังสือทั่วไป | JA76 ป467ก 2567 ฉ.1 | ►หนังสือทั่วไปภาษาไทย | On Shelf | |||||
| 2. | หนังสือทั่วไป | JA76 ป467ก 2567 ฉ.2 | ►หนังสือทั่วไปภาษาไทย | On Shelf | |||||
| 3. | หนังสือทั่วไป | JA76 ป467ก 2567 ฉ.3 | ►หนังสือทั่วไปภาษาไทย | On Shelf | |||||
| 4. | หนังสือทั่วไป | JA76 ป467ก 2567 ฉ.4 | ►หนังสือทั่วไปภาษาไทย | On Shelf | |||||
| 5. | หนังสือทั่วไป | JA76 ป467ก 2567 ฉ.5 | ►หนังสือทั่วไปภาษาไทย | On Shelf | |||||
| [แสดง 5/5 รายการ] | |||||||||
BibComment |
| คอมเมนท์ทรัพยากรรายการนี้ |
|
|